000 00339nam a2200121Ia 4500
008 220217s9999||||xx |||||||||||||| ||und||
082 _a894.814 3 RAM
100 _aSri Ramakrishna Asrama
245 0 _aSwami vivekanandara bhodhaneyasara
260 _aSri Ramakrishna Ashrama
_bMysore
_c2002
300 _b30
650 _aGENERAL BOOKS
999 _c172960
_d172960